[Event "25. Copenhagen Open  (Politiken Cup)"]
[Site "Copenhagen"]
[Date "2003.07.24"]
[Round "10"]
[White "Rorvik, Jon F"]
[Black "Andersen, Kaare Vissing"]
[Result "1/2-1/2"]
[WhiteElo "2162"]
[BlackElo "2245"]
[PlyCount "23"]
[EventDate "2003.07.14"]
[EventType "swiss"]
[EventRounds "11"]
[EventCountry "DEN"]
[SourceDate "2004.01.01"]

1. c4 Nf6 2. Nc3 g6 3. g3 Bg7 4. Bg2 O-O 5. e4 d6 6. Nge2 e5 7. O-O Nc6 8. d3
Be6 9. h3 Qd7 10. Kh2 Ne8 11. Nd5 Ne7 12. d4 1/2-1/2

[Event "25. Copenhagen Open  (Politiken Cup)"]
[Site "Copenhagen"]
[Date "2003.07.24"]
[Round "10"]
[White "Salomonsen, Rune"]
[Black "Moller, Frederik Oest"]
[Result "1-0"]
[WhiteElo "1691"]
[BlackElo "1928"]
[PlyCount "105"]
[EventDate "2003.07.14"]
[EventType "swiss"]
[EventRounds "11"]
[EventCountry "DEN"]
[SourceDate "2004.01.01"]

1. Nf3 c5 2. g3 d6 3. Bg2 Nf6 4. O-O g6 5. d3 Bg7 6. Nc3 O-O 7. e4 Nc6 8. Rb1
Bg4 9. Ne2 Rc8 10. c3 Qb6 11. Nf4 Ne5 12. h3 Bxf3 13. Bxf3 Nxf3+ 14. Qxf3 e6
15. Be3 Nd7 16. Qe2 Qa6 17. Kg2 Nf6 18. Qc2 Qc6 19. f3 d5 20. Qf2 b6 21. Rfc1
dxe4 22. dxe4 Bh6 23. Rd1 e5 24. Nd5 Nxd5 25. Bxh6 Nf6 26. Bxf8 Kxf8 27. Qd2
Ke7 28. b4 c4 29. b5 Qc5 30. Rb4 Qc7 31. Qg5 Ke6 32. Rb2 Rd8 33. Rbd2 Rxd2+ 34.
Qxd2 Ke7 35. Qe3 Ke6 36. f4 Qc5 37. Qxc5 bxc5 38. Kf3 exf4 39. gxf4 Ke7 40. a4
Nd7 41. Rd5 Ke6 42. a5 f5 43. Rxd7 Kxd7 44. e5 h6 45. b6 axb6 46. a6 Kc7 47. e6
b5 48. a7 Kb7 49. e7 b4 50. a8=Q+ Kxa8 51. e8=Q+ Kb7 52. Qb5+ Ka8 53. cxb4 1-0

[Event "25. Copenhagen Open  (Politiken Cup)"]
[Site "Copenhagen"]
[Date "2003.07.24"]
[Round "10"]
[White "Schjelderup, Nils-Jakob"]
[Black "Korolev, Nikolaj"]
[Result "1/2-1/2"]
[WhiteElo "1587"]
[BlackElo "2117"]
[PlyCount "122"]
[EventDate "2003.07.14"]
[EventType "swiss"]
[EventRounds "11"]
[EventCountry "DEN"]
[SourceDate "2004.01.01"]

1. e4 c5 2. Nf3 Nc6 3. d4 cxd4 4. Nxd4 Nf6 5. Nc3 e5 6. Ndb5 d6 7. Bg5 a6 8.
Na3 b5 9. Bxf6 gxf6 10. Nd5 Bg7 11. c3 f5 12. Bd3 Ne7 13. Nxe7 Qxe7 14. Nc2 Qg5
15. O-O Bb7 16. Re1 Bh6 17. a4 O-O 18. axb5 axb5 19. Rxa8 Bxa8 20. Nb4 Kh8 21.
g3 fxe4 22. Bxe4 Bxe4 23. Rxe4 f5 24. Re1 Qf6 25. Nd5 Qf7 26. Nb4 Qf6 27. Nd5
Qg6 28. Qd3 f4 29. Qxg6 hxg6 30. gxf4 Bxf4 31. Nxf4 Rxf4 32. Rd1 b4 33. Rxd6
bxc3 34. bxc3 Kg7 35. Rc6 Kf7 36. Kg2 g5 37. Kg3 e4 38. Kg2 Rf3 39. c4 Rc3 40.
c5 e3 41. fxe3 Rxe3 42. Rd6 Rc3 43. c6 Ke7 44. Rh6 Kd8 45. Kf2 Kc7 46. Rg6 Rxc6
47. Rxg5 Rc3 48. Rd5 Kc6 49. Rd8 Kc7 50. Rd4 Kc6 51. Kg2 Kc5 52. Rd8 Kb6 53. h4
Kc7 54. Rd1 Kc6 55. h5 Rc5 56. Rh1 Kd7 57. h6 Rc8 58. Kf3 Ke7 59. Kg4 Kf6 60.
Kh5 Rc5+ 61. Kg4 Rc8 1/2-1/2

[Event "25. Copenhagen Open  (Politiken Cup)"]
[Site "Copenhagen"]
[Date "2003.07.24"]
[Round "10"]
[White "Schuetzhold, Frank"]
[Black "Nilsson, Jonas"]
[Result "1/2-1/2"]
[WhiteElo "2063"]
[BlackElo "1631"]
[PlyCount "45"]
[EventDate "2003.07.14"]
[EventType "swiss"]
[EventRounds "11"]
[EventCountry "DEN"]
[SourceDate "2004.01.01"]

1. b3 e5 2. Bb2 Nc6 3. c4 Bc5 4. e3 d6 5. g3 Nf6 6. a3 a6 7. Bg2 O-O 8. Ne2 Re8
9. Nbc3 Rb8 10. O-O Bg4 11. h3 Bf5 12. d4 exd4 13. exd4 Ba7 14. Kh2 Ne4 15.
Nxe4 Bxe4 16. d5 Bxg2 17. Kxg2 Ne5 18. Nd4 Ng6 19. Qd2 Bxd4 20. Qxd4 f6 21.
Rfe1 Qd7 22. Qd2 b5 23. Rxe8+ 1/2-1/2

[Event "25. Copenhagen Open  (Politiken Cup)"]
[Site "Copenhagen"]
[Date "2003.07.24"]
[Round "10"]
[White "Semcesen, Daniel"]
[Black "Greger, Roland Reinhard"]
[Result "1-0"]
[WhiteElo "2234"]
[BlackElo "2342"]
[PlyCount "105"]
[EventDate "2003.07.14"]
[EventType "swiss"]
[EventRounds "11"]
[EventCountry "DEN"]
[SourceDate "2004.01.01"]

1. e4 e6 2. d3 c5 3. Nf3 Nc6 4. g3 g6 5. Bg2 Bg7 6. O-O Nge7 7. Nbd2 d6 8. Re1
O-O 9. h4 e5 10. c3 b5 11. a4 b4 12. Nc4 bxc3 13. bxc3 Rb8 14. Be3 f5 15. Qd2
Kh8 16. Bh6 f4 17. Bxg7+ Kxg7 18. d4 cxd4 19. cxd4 fxg3 20. fxg3 Rxf3 21. Bxf3
Nxd4 22. Bg2 Be6 23. Na5 Qb6 24. Kh1 Ng8 25. Rf1 Nf6 26. Qg5 Ng8 27. Qd2 h6 28.
Rac1 Rf8 29. Rxf8 Kxf8 30. Nc4 Qd8 31. Rf1+ Kg7 32. Ne3 Bb3 33. Qb4 Qb6 34.
Qxb6 axb6 35. Ra1 Nf6 36. a5 bxa5 37. Rxa5 Ne2 38. Kh2 Be6 39. Ra6 Ne8 40. Bf1
Nd4 41. Bc4 h5 42. Kg2 Nf6 43. Rxd6 Bxc4 44. Nxc4 Nxe4 45. Rb6 g5 46. Nxe5 Nf5
47. hxg5 Nexg3 48. Rb7+ Kg8 49. Kf3 h4 50. Kg4 h3 51. Kxh3 Ne4 52. Kg4 Nfd6 53.
Rd7 1-0

[Event "25. Copenhagen Open  (Politiken Cup)"]
[Site "Copenhagen"]
[Date "2003.07.24"]
[Round "10"]
[White "Simonsen, Hans Kristian"]
[Black "Auchenberg, Per"]
[Result "0-1"]
[WhiteElo "2233"]
[BlackElo "2075"]
[PlyCount "82"]
[EventDate "2003.07.14"]
[EventType "swiss"]
[EventRounds "11"]
[EventCountry "DEN"]
[SourceDate "2004.01.01"]

1. g3 e5 2. Bg2 d5 3. d3 Nf6 4. Nf3 Nc6 5. O-O Be7 6. Nbd2 O-O 7. e4 dxe4 8.
dxe4 b6 9. c3 a5 10. Qa4 Bb7 11. Rd1 Nd7 12. Nc4 Qe8 13. Be3 Nc5 14. Qc2 f6 15.
a4 Qf7 16. Bf1 Rfd8 17. Ncd2 Bc8 18. Bb5 Na7 19. Bc4 Be6 20. Bxe6 Qxe6 21. b4
Nb7 22. Rab1 Nc6 23. b5 Nb8 24. Nb3 Nd7 25. Rd5 c6 26. bxc6 Qxc6 27. Nbd2 Nbc5
28. Nc4 Qxa4 29. Qxa4 Nxa4 30. Rbd1 Nxc3 31. Rxd7 Nxd1 32. Rxe7 Nxe3 33. Nxe3
a4 34. Rc7 a3 35. Rc1 Rd3 36. Ra1 b5 37. Ne1 Rb3 38. N1c2 a2 39. Nd5 Rb2 40.
Ndb4 Rc8 41. Rc1 Rcxc2 0-1

[Event "25. Copenhagen Open  (Politiken Cup)"]
[Site "Copenhagen"]
[Date "2003.07.24"]
[Round "10"]
[White "Skjoldan, Benjamin"]
[Black "Lappage, Jonathan"]
[Result "1/2-1/2"]
[WhiteElo "2092"]
[BlackElo "2208"]
[PlyCount "112"]
[EventDate "2003.07.14"]
[EventType "swiss"]
[EventRounds "11"]
[EventCountry "DEN"]
[SourceDate "2004.01.01"]

1. d4 Nf6 2. c4 g6 3. g3 Bg7 4. Bg2 d6 5. Nf3 O-O 6. b3 c6 7. Bb2 Bf5 8. O-O
Qd7 9. Re1 Na6 10. Nbd2 Ne4 11. Nh4 Nxd2 12. Nxf5 gxf5 13. Qxd2 d5 14. Rad1 e6
15. f3 dxc4 16. bxc4 c5 17. d5 Rad8 18. Bxg7 Kxg7 19. e4 f6 20. Bh3 Qf7 21. Qb2
b6 22. dxe6 Qxe6 23. Bxf5 Qxc4 24. e5 Rd4 25. Rxd4 Qxd4+ 26. Qxd4 cxd4 27. e6
Nc5 28. e7 Re8 29. Bg4 Kg6 30. f4 f5 31. Bh3 Kf6 32. Re5 Rxe7 33. Rxe7 Kxe7 34.
Bxf5 h6 35. Kf2 b5 36. g4 b4 37. g5 a5 38. Ke2 a4 39. Kd2 a3 40. gxh6 Kf6 41.
Kc1 d3 42. h4 b3 43. axb3 Nxb3+ 44. Kb1 d2 45. Bg4 Nc1 46. f5 Nd3 47. Ka2 Nf2
48. Be2 d1=Q 49. Bxd1 Nxd1 50. Kxa3 Ne3 51. h7 Kg7 52. f6+ Kxh7 53. h5 Ng4 54.
f7 Kg7 55. h6+ Nxh6 56. f8=Q+ Kxf8 1/2-1/2

[Event "25. Copenhagen Open  (Politiken Cup)"]
[Site "Copenhagen"]
[Date "2003.07.24"]
[Round "10"]
[White "Skjoldborg, Jesper"]
[Black "Christensen, Tobias"]
[Result "0-1"]
[WhiteElo "2253"]
[BlackElo "2371"]
[PlyCount "88"]
[EventDate "2003.07.14"]
[EventType "swiss"]
[EventRounds "11"]
[EventCountry "DEN"]
[SourceDate "2004.01.01"]

1. e4 e5 2. Bc4 Nf6 3. d4 exd4 4. Nf3 Nc6 5. O-O Nxe4 6. Re1 d5 7. Bxd5 Qxd5 8.
Nc3 Qh5 9. Nxe4 Be7 10. Bg5 Bg4 11. Bxe7 Bxf3 12. gxf3 Nxe7 13. Qe2 Kf8 14.
Rad1 Nc6 15. Ng3 Qd5 16. b4 b5 17. Rc1 f6 18. f4 Qc4 19. Qxc4 bxc4 20. Re4 Re8
21. Rxe8+ Kxe8 22. b5 Ne7 23. Rd1 c5 24. Ne4 Kf7 25. Nxc5 Rd8 26. Kg2 Rd5 27.
Ne4 h6 28. a4 Nc8 29. Nc3 Rd6 30. Ne2 d3 31. cxd3 cxd3 32. Nc1 d2 33. Nb3 Nb6
34. Rxd2 Rxd2 35. Nxd2 Nxa4 36. Nc4 Ke6 37. Kf3 Kd5 38. Na3 Nc3 39. Kg4 Kc5 40.
Kf5 Nxb5 41. Nb1 a5 42. Kg6 a4 43. Kxg7 Kb4 44. Kxh6 Nc3 0-1

[Event "25. Copenhagen Open  (Politiken Cup)"]
[Site "Copenhagen"]
[Date "2003.07.24"]
[Round "10"]
[White "Skytte, Rasmus"]
[Black "Johnson, Bjrn"]
[Result "1-0"]
[WhiteElo "2404"]
[BlackElo "2256"]
[PlyCount "81"]
[EventDate "2003.07.14"]
[EventType "swiss"]
[EventRounds "11"]
[EventCountry "DEN"]
[SourceDate "2004.01.01"]

1. d4 e6 2. e4 d5 3. e5 c5 4. c3 Nc6 5. Nf3 Bd7 6. a3 f6 7. Bd3 fxe5 8. Nxe5
Nxe5 9. dxe5 Qh4 10. O-O Nh6 11. Nd2 Be7 12. f4 c4 13. Nf3 Bc5+ 14. Kh1 Qh5 15.
Bc2 Nf5 16. Qe1 O-O 17. h3 Qe8 18. g4 Ne7 19. Qh4 h6 20. Qg3 Rd8 21. Bd2 b6 22.
Rae1 Bc6 23. Nd4 Bd7 24. Re2 a5 25. Ref2 b5 26. Be3 Nc6 27. g5 h5 28. g6 Ne7
29. Qg5 Bxd4 30. Bxd4 Nf5 31. Rg1 Rc8 32. Qxh5 Nh6 33. Be3 Qe7 34. f5 exf5 35.
Bxh6 gxh6 36. g7 Rfe8 37. Rxf5 Qe6 38. Rg6 Qe7 39. Rf8+ Rxf8 40. gxf8=Q+ Kxf8
41. Qxh6+ 1-0

[Event "25. Copenhagen Open  (Politiken Cup)"]
[Site "Copenhagen"]
[Date "2003.07.24"]
[Round "10"]
[White "Solleveld, Maarten"]
[Black "Nyback, Tomi"]
[Result "0-1"]
[WhiteElo "2458"]
[BlackElo "2483"]
[PlyCount "98"]
[EventDate "2003.07.14"]
[EventType "swiss"]
[EventRounds "11"]
[EventCountry "DEN"]
[SourceDate "2004.01.01"]

1. e4 c6 2. d4 d5 3. exd5 cxd5 4. c4 Nf6 5. Nc3 e6 6. Nf3 Be7 7. cxd5 Nxd5 8.
Bd3 Nc6 9. O-O O-O 10. Re1 Bf6 11. Be4 Nce7 12. Ne5 Ng6 13. Qh5 Nxc3 14. bxc3
Bxe5 15. dxe5 Qa5 16. Bg5 Qxc3 17. Rac1 Qa3 18. Rcd1 Qa5 19. Re3 Qxe5 20. Bxb7
Qxe3 21. Bxe3 Bxb7 22. Rd7 Bd5 23. a3 a6 24. h4 Rfc8 25. Qg5 h6 26. Qg3 Rc4 27.
Bxh6 Rxh4 28. Be3 Rc8 29. Qd6 Rg4 30. g3 Rgc4 31. Rd8+ Rxd8 32. Qxd8+ Kh7 33.
Qb6 Rc6 34. Qd4 Rc2 35. Kf1 f6 36. Qd1 Bc4+ 37. Kg2 Re2 38. Qh1+ Kg8 39. Qh5
Kf7 40. Qc5 Rc2 41. Qa7+ Kg8 42. Bd4 Bd5+ 43. Kf1 Bf3 44. Be3 Rc6 45. Ke1 Ne5
46. Bd4 Nc4 47. Bc5 Rc8 48. Qe7 Kh7 49. Bd4 Rb8 0-1

[Event "25. Copenhagen Open  (Politiken Cup)"]
[Site "Copenhagen"]
[Date "2003.07.24"]
[Round "10"]
[White "Spanton, Timothy"]
[Black "Schmied, Andreas"]
[Result "0-1"]
[WhiteElo "2021"]
[BlackElo "2124"]
[PlyCount "132"]
[EventDate "2003.07.14"]
[EventType "swiss"]
[EventRounds "11"]
[EventCountry "DEN"]
[SourceDate "2004.01.01"]

1. e4 c5 2. c4 Nc6 3. Ne2 Nf6 4. Nbc3 e6 5. d4 d5 6. e5 cxd4 7. exf6 dxc3 8.
Nxc3 Qxf6 9. cxd5 Bc5 10. Be3 Bxe3 11. fxe3 exd5 12. Nxd5 Qe5 13. Bc4 Be6 14.
Qf3 Nd4 15. Qd1 Bxd5 16. Qxd4 Qxd4 17. Bb5+ Kf8 18. exd4 Bxg2 19. Rg1 Be4 20.
Rc1 Rd8 21. Kf2 g6 22. Ke3 Bd5 23. Rc7 Kg7 24. Rgc1 Rd6 25. Bc4 Re8+ 26. Kd3
Red8 27. Bxd5 Rxd5 28. Rxb7 Rxd4+ 29. Ke3 Rd3+ 30. Ke4 R3d4+ 31. Ke3 R8d7 32.
Rcc7 Rxc7 33. Rxc7 Ra4 34. a3 g5 35. Kf3 Kg6 36. Kg3 f5 37. h3 h6 38. Rc6+ Kh5
39. Rf6 Ra5 40. Kf3 Re5 41. Ra6 Re7 42. b4 Rb7 43. Rf6 f4 44. Ra6 Rh7 45. a4
Kh4 46. Kg2 h5 47. b5 Rd7 48. a5 Rd5 49. b6 axb6 50. axb6 Rb5 51. Kf3 Rb4 52.
Kg2 Rb3 53. Kf2 Kxh3 54. Ra5 Kg4 55. Ra6 Rb2+ 56. Kf1 h4 57. Kg1 h3 58. Kh1 f3
59. Kg1 Kg3 60. Ra1 Rxb6 61. Rf1 Rb2 62. Ra1 Rh2 63. Ra3 Rc2 64. Ra1 g4 65. Rf1
Rg2+ 66. Kh1 Rh2+ 0-1

[Event "25. Copenhagen Open  (Politiken Cup)"]
[Site "Copenhagen"]
[Date "2003.07.24"]
[Round "10"]
[White "Stokke, Kjetil"]
[Black "Unmack, Christian"]
[Result "1-0"]
[WhiteElo "2162"]
[BlackElo "2085"]
[PlyCount "115"]
[EventDate "2003.07.14"]
[EventType "swiss"]
[EventRounds "11"]
[EventCountry "DEN"]
[SourceDate "2004.01.01"]

1. Nf3 d5 2. d4 Nf6 3. c4 e6 4. Nc3 Nbd7 5. Bg5 Be7 6. e3 O-O 7. Rc1 a6 8. c5
c6 9. Bd3 e5 10. dxe5 Ng4 11. Bf4 f6 12. exf6 Ngxf6 13. b4 a5 14. b5 Nxc5 15.
Bb1 cxb5 16. Nxb5 Ra6 17. O-O Bg4 18. Qc2 Bxf3 19. gxf3 Ne6 20. Be5 Rc6 21. Qf5
Ne4 22. Qg4 N6g5 23. Rxc6 Nxf3+ 24. Kg2 Nxe5 25. Qe6+ Kh8 26. Rc7 Bd6 27. Nxd6
Qxc7 28. Bxe4 dxe4 29. Qxe5 Qd7 30. Nxe4 Qc6 31. Rd1 Re8 32. Qd5 Qg6+ 33. Ng3
b6 34. Qd6 Qc2 35. Rd2 Qc1 36. e4 b5 37. Qe7 Qc8 38. Qd7 Qb8 39. Nf5 Qe5 40.
Qd4 Qc7 41. Qd6 Qc4 42. Qd5 Qc7 43. f3 b4 44. Qd6 Qc3 45. Qd8 Qc6 46. Ne7 Qb5
47. Qd5 Qb6 48. Qc6 Qb8 49. Nf5 Qe5 50. f4 Qb8 51. Qd7 Rg8 52. Nd6 Rf8 53. Nf5
Rg8 54. e5 Qa8+ 55. Qd5 Qa7 56. e6 a4 57. e7 Qb6 58. Qxg8+ 1-0

[Event "25. Copenhagen Open  (Politiken Cup)"]
[Site "Copenhagen"]
[Date "2003.07.24"]
[Round "10"]
[White "Stolberg-Rohr, Thomine"]
[Black "Moller, Arne"]
[Result "1-0"]
[WhiteElo "1773"]
[BlackElo "1975"]
[PlyCount "79"]
[EventDate "2003.07.14"]
[EventType "swiss"]
[EventRounds "11"]
[EventCountry "DEN"]
[SourceDate "2004.01.01"]

1. e4 c5 2. Nc3 d6 3. f4 e6 4. Nf3 Nc6 5. g3 g6 6. Bg2 Bg7 7. O-O Nge7 8. d3 a6
9. a4 b6 10. Be3 Qc7 11. Qd2 O-O 12. Rae1 d5 13. exd5 Nxd5 14. Nxd5 exd5 15. d4
c4 16. Nh4 Ne7 17. f5 Nxf5 18. Bxd5 Nxe3 19. Qxe3 Ra7 20. Rxf7 Rxf7 21. Qe8+
Bf8 22. Rf1 Bh3 23. Rf6 Qe7 24. Bxf7+ Qxf7 25. Rxf7 Rxf7 26. Ng2 Re7 27. Qd8 b5
28. axb5 axb5 29. Qd5+ Kg7 30. Qxb5 Bxg2 31. Kxg2 Re2+ 32. Kf3 Rxc2 33. d5 c3
34. Qd3 Rxh2 35. bxc3 Bc5 36. d6 Rf2+ 37. Ke4 Rf6 38. d7 Re6+ 39. Kf3 Rf6+ 40.
Kg2 1-0

[Event "25. Copenhagen Open  (Politiken Cup)"]
[Site "Copenhagen"]
[Date "2003.07.24"]
[Round "10"]
[White "Struch, Thomas"]
[Black "Rendboe, John Filip"]
[Result "1-0"]
[WhiteElo "1600"]
[BlackElo "2239"]
[PlyCount "119"]
[EventDate "2003.07.14"]
[EventType "swiss"]
[EventRounds "11"]
[EventCountry "DEN"]
[SourceDate "2004.01.01"]

1. e4 c5 2. c3 d5 3. exd5 Qxd5 4. d4 e6 5. Nf3 Nc6 6. Bd3 Nf6 7. O-O Be7 8. c4
Qd8 9. dxc5 O-O 10. Nc3 Bxc5 11. Bg5 Be7 12. Qe2 Bd7 13. Rad1 a6 14. Ne4 Nxe4
15. Qxe4 f5 16. Bxe7 Qxe7 17. Qe3 e5 18. Bb1 Rae8 19. Rfe1 Bc8 20. a3 e4 21.
Nd4 Ne5 22. Qc3 Qc7 23. c5 Ng4 24. g3 Ne5 25. b4 Qf7 26. f4 Ng4 27. Qb3 Qxb3
28. Nxb3 Be6 29. Na5 Re7 30. Rd6 Bf7 31. h3 Nf6 32. Red1 Kh8 33. Bc2 h5 34. h4
Ng4 35. Rb6 Ne3 36. Rd2 Nc4 37. Nxc4 Bxc4 38. Rd1 e3 39. a4 e2 40. Re1 Rc7 41.
Rd6 Rc6 42. Rd4 Bg8 43. Rxe2 a5 44. Re5 g6 45. Bd1 Rc7 46. Bf3 axb4 47. Rxb4
Rfc8 48. Bxb7 Rb8 49. c6 Rxc6 50. Bxc6 Rxb4 51. a5 Rb1+ 52. Kf2 Ra1 53. Ke3
Ra3+ 54. Kd4 Rxg3 55. Kc5 Rc3+ 56. Kb6 Bc4 57. Bb5 Bxb5 58. Kxb5 g5 59. a6 gxh4
60. a7 1-0

[Event "25. Copenhagen Open  (Politiken Cup)"]
[Site "Copenhagen"]
[Date "2003.07.24"]
[Round "10"]
[White "Thestrup, Sixten"]
[Black "Udmark, Jonas"]
[Result "1-0"]
[WhiteElo "1704"]
[BlackElo "1964"]
[PlyCount "73"]
[EventDate "2003.07.14"]
[EventType "swiss"]
[EventRounds "11"]
[EventCountry "DEN"]
[SourceDate "2004.01.01"]

1. e4 c6 2. d4 d5 3. Nc3 dxe4 4. Nxe4 Nf6 5. Ng3 e5 6. Be3 Bd6 7. dxe5 Bxe5 8.
Qxd8+ Kxd8 9. O-O-O+ Kc7 10. Bc4 Be6 11. Bxe6 fxe6 12. N1e2 Nd5 13. Bd4 Bf6 14.
c4 Nb6 15. b3 N8d7 16. Ne4 a5 17. Bxf6 gxf6 18. Nf4 Rhe8 19. Rd6 Nc5 20. Nxc5
Kxd6 21. Nxb7+ Kc7 22. Nc5 Kd6 23. Nb7+ Ke5 24. Nd3+ Ke4 25. Kc2 Re7 26. Nd6+
Kd4 27. Re1 f5 28. Nxf5+ exf5 29. Rxe7 a4 30. Rxh7 axb3+ 31. axb3 Ra2+ 32. Nb2
Ra1 33. Rh6 Re1 34. Kd2 Rg1 35. Nd3 Rxg2 36. Rh4+ f4 37. Rxf4# 1-0

[Event "25. Copenhagen Open  (Politiken Cup)"]
[Site "Copenhagen"]
[Date "2003.07.24"]
[Round "10"]
[White "Tidman, Sophie E"]
[Black "Taksrud, Vidar"]
[Result "1/2-1/2"]
[WhiteElo "2126"]
[BlackElo "1914"]
[PlyCount "83"]
[EventDate "2003.07.14"]
[EventType "swiss"]
[EventRounds "11"]
[EventCountry "DEN"]
[SourceDate "2004.01.01"]

1. e4 e6 2. Nf3 c5 3. d4 cxd4 4. Nxd4 Nc6 5. Nc3 Qc7 6. f4 a6 7. Nxc6 dxc6 8.
Bd3 Nf6 9. O-O Be7 10. Kh1 b5 11. Bd2 O-O 12. e5 Nd5 13. Qh5 g6 14. Qg4 Nxc3
15. Bxc3 c5 16. Rae1 Rd8 17. Re3 b4 18. Be1 Bb7 19. f5 Rd4 20. Qh3 exf5 21.
Bxf5 Bg5 22. c3 Rf4 23. Rxf4 Bxf4 24. Re2 gxf5 25. Qxf5 Bh6 26. Bh4 Qc8 27. Qh5
Qe6 28. Bf6 Bf4 29. Rf2 Be3 30. Rf3 Qxa2 31. Rg3+ Kf8 32. Qd1 Bd2 33. Rd3 bxc3
34. bxc3 Bxg2+ 35. Kg1 Be3+ 36. Rxe3 Bd5 37. Re2 Qb3 38. Qd2 Qb1+ 39. Kf2 Qf5+
40. Ke1 Qb1+ 41. Kf2 Qf5+ 42. Ke1 1/2-1/2

[Event "25. Copenhagen Open  (Politiken Cup)"]
[Site "Copenhagen"]
[Date "2003.07.24"]
[Round "10"]
[White "Trarup, Jorgen"]
[Black "Hansen, Ejlif Trier"]
[Result "1-0"]
[WhiteElo "1360"]
[BlackElo "1291"]
[PlyCount "83"]
[EventDate "2003.07.14"]
[EventType "swiss"]
[EventRounds "11"]
[EventCountry "DEN"]
[SourceDate "2004.01.01"]

1. e4 c5 2. Nf3 Nc6 3. c3 g6 4. Na3 a6 5. Nc2 Bg7 6. d4 cxd4 7. cxd4 d6 8. h3
Nf6 9. Bd3 O-O 10. O-O b5 11. a3 Bb7 12. b4 Qc7 13. Re1 e5 14. d5 Nb8 15. Bd2
Nbd7 16. Rc1 Qb8 17. Na1 Nb6 18. Nb3 Na4 19. Qc2 Rc8 20. Qb1 Qa7 21. Be3 Rxc1
22. Rxc1 Qb8 23. Na5 Nh5 24. Nxb7 Qxb7 25. Rc6 Rc8 26. Qc1 Rd8 27. Rc7 Qb8 28.
Rc6 Nf4 29. Bf1 Qb7 30. g3 Nh5 31. Kh2 f5 32. Ng5 Bh6 33. Ne6 Bxe3 34. fxe3 Rd7
35. exf5 gxf5 36. Rc8+ Kf7 37. Bg2 Nb6 38. Rf8+ Kg6 39. e4 f4 40. gxf4 exf4 41.
Nxf4+ Nxf4 42. Qxf4 1-0

[Event "25. Copenhagen Open  (Politiken Cup)"]
[Site "Copenhagen"]
[Date "2003.07.24"]
[Round "10"]
[White "Vik Hansen, Rune"]
[Black "Gregusson, Magnus Albert"]
[Result "1-0"]
[WhiteElo "1787"]
[BlackElo "1500"]
[PlyCount "79"]
[EventDate "2003.07.14"]
[EventType "swiss"]
[EventRounds "11"]
[EventCountry "DEN"]
[SourceDate "2004.01.01"]

1. e4 b6 2. d3 Bb7 3. Nd2 e6 4. Ngf3 Be7 5. g3 d6 6. Bg2 Nc6 7. O-O Qd7 8. c3
O-O-O 9. b4 h5 10. h3 h4 11. g4 f5 12. exf5 exf5 13. g5 Ne5 14. d4 Nd3 15. Nb1
Nxc1 16. Qxc1 Rh5 17. Qf4 g6 18. c4 Bxf3 19. Qxf3 c6 20. b5 Rxg5 21. bxc6 Qe6
22. c7 Rxg2+ 23. Kxg2 Kxc7 24. Nc3 Nf6 25. Rfe1 Qd7 26. a4 a5 27. Rab1 g5 28.
d5 g4 29. Qe3 gxh3+ 30. Kh1 Rb8 31. Qxe7 Qxe7 32. Rxe7+ Kd8 33. Rf7 Rc8 34.
Rxf6 Rxc4 35. Nb5 Rf4 36. Rxd6+ Ke7 37. Re6+ Kf7 38. Rb2 Rxa4 39. Kh2 Rc4 40.
Nd6+ 1-0

[Event "25. Copenhagen Open  (Politiken Cup)"]
[Site "Copenhagen"]
[Date "2003.07.24"]
[Round "10"]
[White "Wilsbeck, Jan Borge"]
[Black "Manley, Christian"]
[Result "1-0"]
[WhiteElo "1975"]
[BlackElo "1613"]
[PlyCount "45"]
[EventDate "2003.07.14"]
[EventType "swiss"]
[EventRounds "11"]
[EventCountry "DEN"]
[SourceDate "2004.01.01"]

1. e4 d5 2. exd5 Qxd5 3. Nc3 Qa5 4. d4 Nf6 5. Bc4 Bg4 6. f3 Bf5 7. Nge2 Nbd7 8.
g4 Bg6 9. h4 h6 10. Nf4 Bh7 11. Qe2 Qb6 12. Nfd5 Nxd5 13. Nxd5 Qc6 14. Bf4
O-O-O 15. Bxc7 e6 16. Bxd8 exd5 17. Bb5 Bb4+ 18. Kf2 Qg6 19. h5 Qd6 20. Bh4 Nf8
21. Qe8+ Kc7 22. Bg3 Ne6 23. Bxd6+ 1-0

[Event "25. Copenhagen Open  (Politiken Cup)"]
[Site "Copenhagen"]
[Date "2003.07.24"]
[Round "10"]
[White "Zachariassen, John"]
[Black "Fogh, Jens Olaf Svanholm"]
[Result "1-0"]
[WhiteElo "1781"]
[BlackElo "1568"]
[PlyCount "111"]
[EventDate "2003.07.14"]
[EventType "swiss"]
[EventRounds "11"]
[EventCountry "DEN"]
[SourceDate "2004.01.01"]

1. g3 e5 2. Bg2 g6 3. d3 Bg7 4. Bd2 Ne7 5. Qc1 c6 6. Nc3 d6 7. e4 O-O 8. Bh6 d5
9. Nh3 Be6 10. Bxg7 Kxg7 11. Ng5 Qd7 12. h4 h6 13. Nh3 f5 14. f3 fxe4 15. dxe4
dxe4 16. Nxe4 Nf5 17. c3 Bd5 18. Nhf2 Qe7 19. O-O Nd7 20. Kh2 Nf6 21. Nxf6 Rxf6
22. c4 Be6 23. Ng4 Rff8 24. Re1 h5 25. Nxe5 Qc5 26. Qg5 Rf6 27. Rad1 Qe7 28.
Nxg6 Rxg6 29. Qxf5 Rf8 30. Qe5+ Kh7 31. Rd6 Rfg8 32. Qxh5+ Rh6 33. Qxh6+ Kxh6
34. Rdxe6+ Qxe6 35. Rxe6+ Kh7 36. Re7+ Kh6 37. Rxb7 Rd8 38. Rxa7 Rd2 39. b3 c5
40. g4 Kg6 41. Ra5 Kh6 42. Rxc5 Kg6 43. a4 Kf6 44. Kg3 Rd4 45. Rd5 Rxd5 46.
cxd5 Ke5 47. f4+ Kd6 48. b4 Kd7 49. h5 Kd8 50. Kh4 Kc7 51. Kg5 Kb6 52. h6 Ka7
53. h7 Ka6 54. h8=Q Ka7 55. Qc8 Kb6 56. d6 1-0

[Event "25. Copenhagen Open  (Politiken Cup)"]
[Site "Copenhagen"]
[Date "2003.07.24"]
[Round "10"]
[White "Ostergaard, Rasmus"]
[Black "Hansen, Rene Rauer"]
[Result "1-0"]
[WhiteElo "2166"]
[BlackElo "2055"]
[PlyCount "53"]
[EventDate "2003.07.14"]
[EventType "swiss"]
[EventRounds "11"]
[EventCountry "DEN"]
[SourceDate "2004.01.01"]

1. d4 Nf6 2. c4 g6 3. Nc3 Bg7 4. e4 d6 5. Be2 O-O 6. Bg5 c5 7. d5 Qa5 8. Bd2
Bd7 9. Nf3 Na6 10. O-O Qd8 11. Re1 Nc7 12. Bf1 e5 13. dxe6 Nxe6 14. h3 Nh5 15.
Be3 Bxc3 16. bxc3 Bc6 17. Qc2 Qf6 18. Rad1 Rad8 19. Nh2 Rfe8 20. Ng4 Qe7 21.
Bc1 f6 22. Ne3 Kf7 23. Nd5 Qd7 24. Rd3 Bxd5 25. cxd5 Nef4 26. Rf3 Nxd5 27. Bc4
1-0

[Event "25. Copenhagen Open  (Politiken Cup)"]
[Site "Copenhagen"]
[Date "2003.07.25"]
[Round "11"]
[White "Abrahamsson, Daniel"]
[Black "Nielsen, Michael B"]
[Result "1-0"]
[WhiteElo "1671"]
[BlackElo "1327"]
[PlyCount "45"]
[EventDate "2003.07.14"]
[EventType "swiss"]
[EventRounds "11"]
[EventCountry "DEN"]
[SourceDate "2004.01.01"]

1. e4 c6 2. d4 d5 3. Nc3 dxe4 4. Nxe4 Nf6 5. Nxf6+ gxf6 6. c3 Bf5 7. Nf3 e6 8.
g3 Qd5 9. Bd3 Bg4 10. Be2 Nd7 11. O-O Bd6 12. Nh4 Bxe2 13. Qxe2 O-O-O 14. Be3
Rhg8 15. b4 Qe4 16. Ng2 e5 17. f3 Qf5 18. d5 c5 19. Rab1 Qh3 20. Qf2 e4 21. Nf4
f5 22. Bxc5 Nf6 23. Bxd6 1-0

[Event "25. Copenhagen Open  (Politiken Cup)"]
[Site "Copenhagen"]
[Date "2003.07.25"]
[Round "11"]
[White "Anders, Maik"]
[Black "Pedersen, Kenneth"]
[Result "0-1"]
[WhiteElo "1558"]
[BlackElo "1728"]
[PlyCount "80"]
[EventDate "2003.07.14"]
[EventType "swiss"]
[EventRounds "11"]
[EventCountry "DEN"]
[SourceDate "2004.01.01"]

1. d4 Nf6 2. c4 e6 3. Nc3 d5 4. cxd5 exd5 5. Bg5 Be7 6. Nf3 O-O 7. e3 Bg4 8.
Be2 c6 9. Ne5 Bxe2 10. Nxe2 Nbd7 11. Nxd7 Qxd7 12. O-O Rae8 13. Rc1 Ne4 14.
Bxe7 Rxe7 15. Nc3 f5 16. Nxe4 fxe4 17. f4 exf3 18. Rxf3 Rxf3 19. Qxf3 Rf7 20.
Qe2 Qf5 21. Rf1 Qxf1+ 22. Qxf1 Rxf1+ 23. Kxf1 Kf7 24. Kf2 Kf6 25. Kf3 Kf5 26.
h4 h5 27. a3 a6 28. b3 a5 29. g3 g6 30. b4 axb4 31. axb4 b6 32. Kf2 Ke4 33. Ke2
b5 34. Kf2 Kd3 35. Kf3 Kc4 36. g4 Kxb4 37. gxh5 gxh5 38. Kf4 Kc3 39. Kg5 b4 40.
Kxh5 b3 0-1